|
|
|
|
| LEADER |
01841nam a22003132a 4500 |
| 001 |
000817829 |
| 003 |
CZ BrMZK |
| 005 |
20060525133133.0 |
| 007 |
ta |
| 008 |
060525s1950 xr er|||||||||||cze d |
| 040 |
|
|
|a ABA001
|b cze
|c BOA001
|d ABA001
|
| 100 |
1 |
|
|a Popek, Karel,
|d 1899-1971
|7 jk01100572
|4 aut
|
| 245 |
1 |
0 |
|a Všeobecná a speciální neurologie podle přednášek Karla Popka /
|c rejstřík sest. A. Svobodová ; obr. kr. M. Ehlerová [a j.]
|
| 250 |
|
|
|a 1. vyd.
|
| 260 |
|
|
|a Brno :
|b Spol. mediků,
|c 1950
|e (Brno :
|f Západomor. tisk., n.p., zákl. záv.)
|
| 300 |
|
|
|a 477, [1] s. ;
|c 4°
|
| 490 |
1 |
|
|a Biblioteca Societatis medicorum Brunensis ;
|v pořadí 8
|
| 500 |
|
|
|a 2000 výt.
|
| 500 |
|
|
|a Jmenný a věcný rejstřík
|
| 520 |
2 |
|
|a Příručka k rigorosu na podkladě přednášek z let 1945-50, nezahrnuje celý obsah discipliny, nýbrž vynechává ty partie, s nimiž se student seznámí v přednáškách jiných oborů. Důležitá příručka již z toho důvodu, že neurologických chorob, jež se již nyní dosti často vyskytují (epilepsie u 1% obyvatelstva, migréna u 2%, beuropathie u 10-30%) stále početně přibývá, zvláště v důsledku úrazů moderními doprav. prostředky a moder. strojovými zařízeními podniků. (Podle úvodu.)
|
| 830 |
|
0 |
|a Biblioteca Societatis medicorum Brunensis
|
| 910 |
|
|
|a BOA001
|b 4-0264.599
|
| 990 |
|
|
|a BK
|
| 995 |
|
|
|a 01
|
| 991 |
|
|
|b 200605
|
| 996 |
6 |
|
|b BC-313773
|c 4-0264.599
|l MZK
|r Sklad / do 24 hodin
|n 0
|w 000817829
|u 000010
|a 1
|e BOA001
|j MZK50
|s P
|
| 996 |
6 |
|
|b BC-313776
|c 4-0264.599
|l MZK
|r Sklad / do 24 hodin
|n 0
|w 000817829
|u 000040
|a 1
|e BOA001
|j MZK50
|s P
|
| 996 |
6 |
|
|b BC-313777
|c 4-0264.599
|l MZK
|r Sklad / do 24 hodin
|n 0
|w 000817829
|u 000050
|a 1
|e BOA001
|j MZK50
|s P
|
| 996 |
6 |
|
|b BC-313778
|c 4-0264.599
|l MZK
|r Sklad / do 24 hodin
|n 0
|w 000817829
|u 000060
|a 1
|e BOA001
|j MZK50
|s P
|